Countries with the Most Winter Olympics Medals - Sudden Death - Statistics

General Stats
  • This quiz has been taken 308 times
  • The average score is 6 of 15
Answers on the Grid
Answers color-coded by a green-red scale on the quiz's grid according to % correct below.
Albania
Austria
Belarus
Belgium
Bulgaria
Canada
China
Czech Republic
Czechoslovakia
Denmark
East Germany
Estonia
Finland
France
Germany
Great Britain
Iceland
Italy
Japan
Kyrgyzstan
Lithuania
Mongolia
Netherlands
North Korea
Norway
Poland
Portugal
Romania
Russia
South Korea
Soviet Union
Spain
Sweden
Switzerland
United States
Yugoslavia
 
Answer Stats
Answer % Correct
Austria
65%
Canada
58%
United States
57%
Norway
46%
Soviet Union
46%
Russia
44%
Germany
41%
Sweden
41%
France
39%
Switzerland
38%
Finland
34%
Italy
30%
East Germany
16%
Netherlands
15%
South Korea
5%
No matching quizzes found
Score Distribution
Percent of People with Each Score
Percentile by Number Answered
Your Score History
You have not taken this quiz